[Event "ch-Paris Open"]
[Site "Paris FRA"]
[Date "2005.07.12"]
[Round "4"]
[White "Yakovich,Yur"]
[Black "Moradiabadi,E"]
[Result "1/2-1/2"]
[WhiteElo "2560"]
[BlackElo "2485"]

1.d4 Nf6 2.c4 e6 3.Nf3 d5 4.Nc3 Be7 5.Bf4 O-O 6.e3 c5 7.dxc5 Bxc5 8.cxd5 Nxd5
9.Nxd5 exd5 10.a3 Nc6 11.Bd3 Bb6 12.O-O Bg4 13.h3 Bh5 14.b4 a6 15.Rc1 Re8
16.Bxa6 Rxa6 17.b5 Rxa3 18.bxc6 bxc6 19.Rxc6 Ra7 20.Rd6 Rd7 21.Qxd5 Rxd6
22.Qxd6 Qxd6 23.Bxd6 Rd8 24.Bf4 Bg6 25.Rc1 Be4 26.Rc4 Bd5 27.Rb4 Bc5 28.Rb5 Rc8
29.Nd2 Be6 30.Ne4 Be7 31.Bd6 Bd8 32.Nc5 Bd5 33.e4 Bc6 34.Rb3 h6 35.f4 Ba5
36.Kf2 Ra8 37.g4 f6 38.Ke3 Kf7 39.e5 fxe5 40.fxe5 Bd8 41.Kd4 Bh4 42.e6+ Ke8
43.Na6 Bd8 44.Nb4 Bg2 45.Rg3 Bf6+  1/2-1/2

[Event "Open"]
[Site "Condom FRA"]
[Date "2005.07.13"]
[Round "6"]
[White "Dargagnon,R"]
[Black "Cattaneo,R"]
[Result "1-0"]
[WhiteElo "2071"]
[BlackElo "1792"]

1.d4 d5 2.Nf3 Nf6 3.c4 e6 4.Nc3 Be7 5.Bf4 c6 6.e3 Nbd7 7.Bd3 dxc4 8.Bxc4 b5
9.Bd3 a6 10.O-O c5 11.a4 b4 12.Ne4 O-O 13.Qc2 cxd4 14.Bc7 Qe8 15.Nd6 Bxd6
16.Bxd6 dxe3 17.fxe3 Nd5 18.Bxf8 Nxe3 19.Qc6 Rb8 20.Rfe1 Nxg2 21.Kxg2 Qxf8
22.Bxa6 Bxa6 23.Qxa6 Nc5 24.Qc4 Nb7 25.Rac1  1-0

[Event "2nd S Wales Int"]
[Site "Caerleon WLS"]
[Date "2005.07.14"]
[Round "8"]
[White "Dobrov,V"]
[Black "Ziatdinov,R"]
[Result "1-0"]
[WhiteElo "2535"]
[BlackElo "2450"]

1.d4 d5 2.c4 e6 3.Nf3 Nf6 4.Nc3 Be7 5.Bf4 O-O 6.e3 c5 7.dxc5 Bxc5 8.cxd5 Nxd5
9.Nxd5 exd5 10.Bd3 Bb4+ 11.Ke2 Nc6 12.Qb3 Bg4 13.Rhd1 Re8 14.Kf1 Bd6 15.Bxh7+ Kxh7
16.Rxd5 Bxf3 17.gxf3 Ne5 18.Bxe5 Rxe5 19.Qd3+ Kg8 20.Rxd6 Qh4 21.Rd1 Qxh2
22.Rd8+ Rxd8 23.Qxd8+ Kh7 24.Qd7 f5 25.Qc7 Qh3+ 26.Ke2 Rb5 27.Qc1  1-0

[Event "Politiken Cup"]
[Site "Copenhagen DEN"]
[Date "2005.07.17"]
[Round "3"]
[White "Hjelm,N"]
[Black "Nielsen,Bo1"]
[Result "1-0"]
[WhiteElo "2333"]
[BlackElo "2095"]

1.d4 d5 2.c4 e6 3.Nf3 Nf6 4.Nc3 Be7 5.Bf4 O-O 6.e3 c6 7.Qc2 Nbd7 8.O-O-O dxc4
9.Bxc4 Nd5 10.h4 Nxc3 11.Qxc3 Re8 12.Qc2 Nf8 13.Kb1 Bd7 14.Ng5 f6 15.Ne4 b5
16.Bd3 Qb6 17.Rc1 Rac8 18.Nd6 Bxd6 19.Bxd6 h6 20.g4 Qd8 21.g5 f5 22.gxh6 gxh6
23.Rcg1+ Kh7 24.Be5 Ng6 25.Rxg6  1-0

[Event "Politiken Cup"]
[Site "Copenhagen DEN"]
[Date "2005.07.17"]
[Round "3"]
[White "Vul,A"]
[Black "Norton,C"]
[Result "1-0"]
[WhiteElo "2425"]
[BlackElo "2122"]

1.Nf3 d5 2.d4 Nf6 3.c4 e6 4.Nc3 Be7 5.Bf4 O-O 6.e3 c5 7.dxc5 Bxc5 8.a3 Nc6
9.Rc1 dxc4 10.Bxc4 Qxd1+ 11.Rxd1 a6 12.Ke2 b5 13.Bd3 Bb7 14.Ne4 Be7 15.Bd6 Rfd8
16.Bxe7 Nxe7 17.Nxf6+ gxf6 18.Rc1 Rd7 19.Rhd1 Rad8 20.Nd4 Ng6 21.Nb3 Ne5
22.Nc5 Nxd3 23.Rxd3 Rxd3 24.Nxd3 Kf8 25.Nc5 Bc8 26.b4 Ke7 27.Rd1 Rxd1 28.Kxd1 Kd6
29.Kd2 a5 30.Ne4+ Ke5 31.Kd3 f5 32.f4+ Kd5 33.Nf6+ Kd6 34.Nxh7 axb4 35.axb4 e5
36.Ng5 f6 37.Nh3 Bb7 38.g3 Ke6 39.Nf2 Bf3 40.h3 Kd5 41.g4 fxg4 42.Nxg4 Ke6
43.fxe5 fxe5 44.Nf2 Kf5 45.Kd2 Kg5 46.Nd3 Kf5 47.h4 Bh5 48.Nc5 Be8 49.Ke2 Kg4
50.Nd3 e4 51.Nf2+ Kf5 52.Kd2 Bh5 53.Kc3 Ke5 54.Nh3 Bg6 55.Nf4 Bf5 56.h5 Bh7
57.Ng6+ Kf5 58.Nf8  1-0

[Event "inAUTOmarket Open"]
[Site "Minsk BLR"]
[Date "2005.07.18"]
[Round "9"]
[White "Aleksandrov,A"]
[Black "Azarov,S"]
[Result "1/2-1/2"]
[WhiteElo "2630"]
[BlackElo "2582"]

1.d4 d5 2.c4 e6 3.Nf3 Nf6 4.Nc3 Be7 5.Bf4 O-O 6.e3 c5 7.dxc5 Bxc5 8.cxd5 Nxd5
9.Nxd5 exd5 10.a3 Nc6 11.Bd3 Bb6 12.O-O  1/2-1/2

[Event "ACT Open"]
[Site "Amsterdam NED"]
[Date "2005.07.21"]
[Round "6"]
[White "Sokolov,I"]
[Black "Van der Wiel,J"]
[Result "1-0"]
[WhiteElo "2691"]
[BlackElo "2508"]

1.d4 Nf6 2.c4 e6 3.Nf3 d5 4.Nc3 Be7 5.Bf4 O-O 6.e3 c5 7.dxc5 Bxc5 8.Qc2 Nc6
9.Rd1 Qa5 10.Be2 Nb4 11.Qb3 dxc4 12.Bxc4 b5 13.Bxb5 Nfd5 14.O-O Nxf4 15.exf4 Rb8
16.Ne5 Qc7 17.Qc4 a6 18.Ba4 f6 19.Nc6 Ba7 20.f5 Nxc6 21.Bxc6 Qf7 22.Rde1 Kh8
23.fxe6 Qe7  1-0

[Event "Politiken Cup"]
[Site "Copenhagen DEN"]
[Date "2005.07.21"]
[Round "7"]
[White "Lonborg,M"]
[Black "Schmidt,Ho DEN"]
[Result "1-0"]
[WhiteElo "2188"]
[BlackElo "1955"]

1.d4 Nf6 2.c4 e6 3.Nf3 d5 4.Nc3 Be7 5.Bf4 O-O 6.e3 c5 7.Bd3 cxd4 8.exd4 dxc4
9.Bxc4 a6 10.a4 Bd7 11.O-O Nc6 12.Qe2 Rc8 13.Rfe1 Na5 14.Ba2 Bc6 15.Ne5 Qxd4
16.Nxf7 Bd5 17.Nxd5 exd5 18.Qxe7 Qxf4 19.Ne5 Rce8 20.Qc7 Nc6 21.g3 Qb4 22.Nd3 Rxe1+
23.Rxe1 Qxa4 24.Qxb7 Qxa2 25.Qxc6 Qa5 26.Qe6+ Kh8 27.Qe7 Rg8 28.Re6 Qd2 29.Ne5 Qe1+
30.Kg2 Qe4+ 31.Nf3 Qf5 32.Rxa6 h5 33.h4 Ng4 34.Qg5 Qf7 35.Ra4 g6 36.Rf4 Qg7
37.b3 Rb8 38.Qxd5 Qb2 39.Qd4+ Qxd4 40.Nxd4 Rb6 41.Kf3 Rb4 42.Ke4 Kg7 43.Kd3 Rb6
44.b4 Nf6 45.Kc4 Nd7 46.Nf3 Kg8 47.b5 Rd6 48.Rd4 Nb6+ 49.Kc5 Rf6 50.Rf4 Re6
51.Nd4 Nd7+ 52.Kb4 Re5 53.Nc6 Re1 54.Ka5 Ra1+ 55.Ra4 Rb1 56.Nb4 Rb2 57.Ra2 Rb1
58.Rd2 Nc5 59.b6 Nb3+ 60.Kb5 Rc1 61.Rd8+ Kf7 62.b7 Rc5+ 63.Ka4  1-0

[Event "Mercosur Cup"]
[Site "Vicente Lopez ARG"]
[Date "2005.07.25"]
[Round "11"]
[White "Fernandez,D USA"]
[Black "Garcia Palermo,C"]
[Result "1/2-1/2"]
[WhiteElo "2406"]
[BlackElo "2467"]

1.Nf3 d5 2.d4 e6 3.c4 Nf6 4.Nc3 Be7 5.Bf4 O-O 6.e3 b6 7.cxd5 exd5 8.Rc1 c5
9.Be2 Bb7 10.O-O Nbd7 11.Qc2 a6 12.Rfd1 c4 13.a4 Nh5 14.Be5 f6 15.Ng5 fxg5
16.Bxh5 Nf6 17.Bf3 Qd7 18.b3 g4 19.Be2 b5 20.bxc4 bxc4 21.e4 Nxe4 22.Nxe4 dxe4
23.Qxc4+ Kh8 24.Qc7 Bc8 25.d5 Ra7 26.Qxd7 Bxd7 27.Rc4 Bf5 28.Bc7 a5 29.d6 Bd8
30.Rc5  1/2-1/2

[Event "WYb18"]
[Site "Belfort FRA"]
[Date "2005.07.28"]
[Round "10"]
[White "Cifka,S"]
[Black "Jurcik,Mari"]
[Result "1-0"]
[WhiteElo "2347"]
[BlackElo "2342"]

1.d4 d5 2.Nf3 Nf6 3.c4 e6 4.Nc3 Be7 5.Bf4 O-O 6.e3 c6 7.Bd3 Nbd7 8.O-O b6
9.cxd5 exd5 10.Rc1 Bb7 11.e4 dxe4 12.Nxe4 Nd5 13.Bg3 N7f6 14.Ne5 Nb4 15.Bb1 Nxe4
16.Bxe4 Nxa2 17.Nxc6 Bxc6 18.Rxc6 Nb4 19.Rc1 Rc8 20.Rxc8 Qxc8 21.d5 Rd8 22.d6 Bf8
23.Qd4 Na6 24.b4 Nb8 25.Rd1 g6 26.b5 Qd7 27.Bh4 Rc8 28.Bf6 Qxd6 29.Qxd6 Bxd6
30.g4 Bf8 31.g5 Bg7 32.Bb7 Re8 33.Ra1 h6 34.Rxa7 hxg5 35.Bxg5 Nd7 36.Be3 Re5
37.Bc6 Nc5 38.Ra8+ Kh7 39.Rb8 Na4 40.Rb7 Kg8 41.Rb8+ Kh7 42.Rb7 Kg8 43.Kg2 Bf8
44.Rb8 g5 45.h4 f6 46.hxg5 fxg5 47.Bd4 Rf5 48.Bd7 Rf4 49.Be5 Re4 50.Be6+  1-0

[Event "Open A"]
[Site "Pardubice CZE"]
[Date "2005.07.29"]
[Round "8"]
[White "Laznicka,V"]
[Black "Gasthofer,A"]
[Result "1/2-1/2"]
[WhiteElo "2517"]
[BlackElo "2416"]

1.d4 d5 2.c4 e6 3.Nc3 Nf6 4.Nf3 Be7 5.Bf4 O-O 6.e3 Nbd7 7.c5 c6 8.Bd3 b6
9.b4 a5 10.a3 Ba6 11.O-O Qc8 12.h3 Qb7 13.Qe2 Bxd3 14.Qxd3 axb4 15.axb4 Rxa1
16.Rxa1 Ra8 17.Qb1 Rxa1 18.Qxa1 h6 19.Qa4 b5 20.Qa5 Kf8 21.g4 Ke8 22.Bc7 Ne4
23.Nxe4 dxe4 24.Ne5 Nxe5 25.dxe5 f6 26.Kg2 Kf7 27.Bd6 fxe5 28.Qa1 Bf6 29.Qb1 Qa6
30.Qxe4 Qa4 31.Qxc6 Qxb4 32.Qd7+ Kg6 33.Qxe6 Qe4+ 34.Kg1 b4 35.c6 Qxc6 36.Qf5+ Kf7
37.Bxb4 e4 38.Kg2 Qe6 39.Qc5 Qe5 40.Qf8+ Kg6 41.Bd6 Qe6 42.Bf4 Qc6 43.Qg8 Qd7
44.Bxh6 Be5 45.Bf4 Bxf4 46.exf4 e3 47.Qc4 exf2 48.Qe4+ Kf7 49.Kxf2 Qd2+ 50.Kg3 g6
51.g5 Qc1 52.h4 Qg1+ 53.Qg2 Qe3+ 54.Qf3 Qe1+ 55.Kh3 Qe6+ 56.Kg2 Qa2+ 57.Kg3 Qb1
58.h5 Qg1+ 59.Kh3 gxh5 60.Qxh5+ Kg7 61.Qh6+ Kg8 62.Qe6+ Kg7 63.Qe5+ Kf7 64.Qd5+ Kg7
65.Qg2 Qd1 66.Kg3 Kg6 67.Qe4+ Kg7 68.Qe3 Kg6 69.Kf2 Qb1 70.Kf3 Qf1+ 71.Ke4 Qc4+
72.Qd4 Qe6+ 73.Qe5 Qc4+ 74.Ke3 Qb3+ 75.Kd4 Qb4+ 76.Kd5 Qb3+ 77.Kc6 Qa4+ 78.Kb7 Qd7+
79.Qc7 Qd3 80.Qc6+ Kg7 81.Kc7 Qe3 82.Qd6 Qa7+ 83.Kd8 Qa8+ 84.Ke7 Qf8+ 85.Kd7 Qf5+
86.Kd8 Kg8 87.Qe5 Qb1 88.Qd5+ Kf8 89.Qd6+ Kf7 90.Qe7+ Kg8 91.Qd6 Kf7 92.Qc7+ Kf8
93.Kd7 Qf5+ 94.Kc6 Qe4+ 95.Kc5 Qb1 96.Kd5 Qa2+ 97.Ke5 Qb2+ 98.Ke6 Qe2+ 99.Qe5 Qc4+
100.Kf5 Qc2+ 101.Kf6 Qc6+ 102.Qe6 Qc7 103.g6 Qxf4+ 104.Qf5 Qxf5+ 105.Kxf5 Kg7
106.Kg5 Kg8  1/2-1/2

[Event "It"]
[Site "Charleroi BEL"]
[Date "2005.07.31"]
[Round "3"]
[White "Kengis,E"]
[Black "Terrieux,K"]
[Result "1/2-1/2"]
[WhiteElo "2534"]
[BlackElo "2365"]

1.d4 d5 2.Nf3 Nf6 3.c4 e6 4.Nc3 Be7 5.Bf4 O-O 6.e3 c5 7.dxc5 Bxc5 8.cxd5 Nxd5
9.Nxd5 exd5 10.a3 Nc6 11.Bd3 Bb6 12.O-O d4 13.e4 Bg4 14.h3 Bh5 15.g4 Bg6
16.Rc1 Qf6 17.Bg3 Rfe8 18.Re1 Rac8 19.h4 h6 20.h5 Bh7 21.e5 Qe6 22.Bxh7+ Kxh7
23.Qd3+ Kg8 24.g5 Ne7 25.Rxc8 Rxc8 26.gxh6 Qf5 27.Qxf5 Nxf5 28.e6 Nxh6 29.exf7+ Nxf7
30.Re7 d3 31.Kg2 Rd8 32.Bf4 Nd6 33.Bd2 Nc4 34.Bc3 Bd4 35.Nxd4 Rxd4 36.Re1 d2
37.Rd1 Rd3 38.a4 Rd5 39.b3 Rd3 40.bxc4 Rxc3 41.Rxd2 Rxc4 42.Rd7 Rxa4 43.Rxb7  1/2-1/2

[Event "15th ETC"]
[Site "Gothenburg SWE"]
[Date "2005.08.01"]
[Round "3"]
[White "Mchedlishvili,M"]
[Black "Lputian,S"]
[Result "1/2-1/2"]
[WhiteElo "2549"]
[BlackElo "2629"]

1.d4 d5 2.c4 e6 3.Nf3 Nf6 4.Nc3 Be7 5.Bf4 O-O 6.e3 Nbd7 7.a3 c5 8.cxd5 Nxd5
9.Nxd5 exd5 10.dxc5 Nxc5 11.Be2 Bf6 12.Be5 Bxe5 13.Nxe5 Re8 14.Nf3 Qb6 15.Rc1 Ne4
16.Qd4 Qa5+ 17.Qb4 Qxb4+ 18.axb4 Re6 19.Nd4 Rb6 20.b5 Bd7 21.f3 Nd6 22.Rc5 Rc8
23.Rxc8+ Nxc8 24.Kd2 Kf8 25.Ra1 Ke7 26.Bd3 h5 27.h4 Kd6 28.Rc1 a6 29.bxa6 Rxb2+
30.Kc3 Rb6 31.axb7 Rxb7 32.Ra1  1/2-1/2

[Event "15th ETC"]
[Site "Gothenburg SWE"]
[Date "2005.08.02"]
[Round "4"]
[White "Kveinys,A"]
[Black "Halkias,S"]
[Result "1/2-1/2"]
[WhiteElo "2510"]
[BlackElo "2548"]

1.d4 d5 2.c4 e6 3.Nc3 Be7 4.Nf3 Nf6 5.Bf4 O-O 6.e3 Nbd7 7.c5 c6 8.Bd3 b6
9.b4 a5 10.a3 Ba6 11.Bxa6 Rxa6 12.b5 cxb5 13.c6 Qc8 14.c7 b4 15.Nb5 bxa3
16.O-O a4 17.Qc2 Ra5 18.Rfb1 Qa8 19.Bg5 h6 20.Bxf6 gxf6 21.Ne1 Rc8 22.Nd3 Nf8
23.h3 Qa6 24.Qc6 Qa8 25.Qc2 Qa6 26.Qc6 Qa8  1/2-1/2

[Event "15th Summer Open"]
[Site "Recklinghausen GER"]
[Date "2005.08.02"]
[Round "2"]
[White "Rath,O"]
[Black "Jungbluth,R"]
[Result "1/2-1/2"]
[WhiteElo "1889"]
[BlackElo "2183"]

1.d4 d5 2.c4 e6 3.Nc3 Nf6 4.Nf3 Be7 5.Bf4 c6 6.e3 O-O 7.cxd5 exd5 8.Bd3 Nbd7
9.Qc2 Re8 10.O-O Nf8 11.Rab1 Ng6 12.Bg3 Bd6 13.Bxd6 Qxd6 14.Bf5 Bxf5 15.Qxf5 Qe6
16.Qd3 Ne4 17.b4 Rac8 18.Ne2 Nd6 19.a4 a6 20.Nc1 Qf6 21.Ne2 Nh4 22.Nxh4 Qxh4
23.g3 Qf6 24.Kg2 g6 25.h4 Nc4 26.Nf4 Qd6 27.b5 cxb5 28.axb5 a5 29.Rfc1 Nb6
30.Qd2 a4 31.Nd3 Nc4 32.Qa2 a3 33.Nc5 b6 34.Nd3 Qe6 35.Nf4 Qe4+ 36.Kg1 Qf3
37.Rc3 h6 38.Rbc1 g5 39.hxg5 hxg5 40.Nxd5 Qxd5 41.Rxc4 Ra8 42.Rb1 Kg7 43.Qc2 a2
44.Ra1 Qf3 45.d5 Rh8 46.Qc3+  1/2-1/2

[Event "31st Open"]
[Site "Badalona ESP"]
[Date "2005.08.06"]
[Round "6"]
[White "Gonzalez Garcia,J"]
[Black "Narciso Dublan,M"]
[Result "1/2-1/2"]
[WhiteElo "2478"]
[BlackElo "2476"]

1.d4 d5 2.c4 e6 3.Nc3 Be7 4.Nf3 Nf6 5.Bf4 c5 6.dxc5 Na6 7.e3 Nxc5 8.cxd5 Nxd5
9.Nxd5 exd5 10.Bb5+ Bd7 11.Bxd7+ Qxd7 12.O-O O-O 13.Be5 Rfd8 14.Rc1 Rac8
15.Qe2 Qa4 16.Nd4 Bf8 17.Rc3 Qe8 18.Nf3 Ne4 19.Rcc1 Rc6 20.b3 Rdc8 21.Bb2 Rxc1
22.Rxc1 Rxc1+ 23.Bxc1 Nc3 24.Qb2 Qc8 25.Bd2 Ne4 26.Be1 Qc6 27.Nd4 Qd7 28.f3 Ng5
29.Qc2 g6 30.Qd3 Bc5 31.Bc3 Ne6 32.Nxe6 Qxe6 33.Bd4 b6 34.Qd1  1/2-1/2

[Event "15th ETC Women"]
[Site "Gothenburg SWE"]
[Date "2005.08.06"]
[Round "8"]
[White "Nill,J"]
[Black "Pavlovskaia,E"]
[Result "1-0"]
[WhiteElo "2323"]
[BlackElo "2174"]

1.d4 d5 2.c4 e6 3.Nc3 Nf6 4.Nf3 Be7 5.Bf4 O-O 6.e3 c5 7.dxc5 Bxc5 8.cxd5 exd5
9.Be2 Nc6 10.O-O Be6 11.Nb5 Rc8 12.Rc1 Qe7 13.Bg5 Bb6 14.a3 a6 15.Nbd4 Nxd4
16.Nxd4 Rxc1 17.Qxc1 Bxd4 18.exd4 h6 19.Bh4 Bf5 20.Bf3 g5 21.Bg3 Rc8 22.Qd1 Ne4
23.Re1 Qd7 24.Be5 Rc6 25.h3 Qc8 26.Bxe4 Bxe4 27.Qb3 Rc1 28.Rxc1 Qxc1+ 29.Kh2 Qc6
30.Qb4 f6 31.Bg3 Kf7 32.a4 b6 33.a5 bxa5 34.Qxa5 Qe6 35.Qd8 Qe8 36.Qc7+ Qe7
37.Qc8 Qe6 38.Qb8 h5 39.Bd6 Bd3 40.Bc5 h4 41.Qf8+ Kg6 42.Qh8 Qd7 43.Qg8+ Qg7
44.Qxd5 Qc7+ 45.Bd6 Qd7 46.Qg8+ Qg7 47.Qe6 Bf5 48.Qe3 Qd7 49.Bc5 Qc7+ 50.Kg1 Qb7
51.Qe8+ Qf7 52.Qxf7+ Kxf7 53.d5 Be4 54.d6 Ke6 55.Bb4 Bc6 56.g3 hxg3 57.fxg3 f5
58.Kf2 a5 59.Bxa5 Kxd6 60.Bd2 g4 61.h4 Be8 62.Ke3 Ke5 63.Bc3+ Ke6 64.Kf4 Bf7
65.Kg5 Bg8 66.b4 Bh7 67.b5 Kd5 68.b6 Kc6 69.Bd4  1-0

[Event "4th Chiuso Hotel Petra"]
[Site "Rome ITA"]
[Date "2005.08.06"]
[Round "3"]
[White "Farago,I"]
[Black "Vazquez,R"]
[Result "1/2-1/2"]
[WhiteElo "2499"]
[BlackElo "2496"]

1.d4 Nf6 2.c4 e6 3.Nf3 d5 4.Nc3 Be7 5.Bf4 O-O 6.e3 c5 7.dxc5 Bxc5 8.cxd5 exd5
9.Be2 Nc6 10.O-O a6 11.Bg5 Be6 12.Rc1 Ba7 13.b3 d4 14.exd4 Nxd4 15.Ne4 Re8
16.Nxf6+ gxf6 17.Nxd4 Qxd4 18.Be3 Qxd1 19.Rcxd1 Bxe3 20.fxe3 Kg7 21.Bf3  1/2-1/2

[Event "American Continental"]
[Site "Buenos Aires ARG"]
[Date "2005.08.07"]
[Round "2"]
[White "Akobian,V"]
[Black "Zapata,Marc"]
[Result "1-0"]
[WhiteElo "2558"]
[BlackElo "2353"]

1.d4 d5 2.c4 e6 3.Nc3 Be7 4.Nf3 Nf6 5.Bf4 O-O 6.Rc1 c5 7.dxc5 Bxc5 8.cxd5 exd5
9.e3 Nc6 10.Be2 Be6 11.a3 Rc8 12.O-O a6 13.Na4 Bd6 14.Bxd6 Qxd6 15.Nc5 Ne5
16.Qd4 Nxf3+ 17.Bxf3 Qb6 18.b4 Rc6 19.Rfd1 Qc7 20.g4 Bxg4 21.Bxg4 Nxg4 22.Qxg4 Rg6
23.Qxg6 hxg6 24.Ne6 Qxc1 25.Rxc1 fxe6 26.Kg2 g5 27.Kg3 Rf7 28.Rc8+ Kh7 29.Re8 Rd7
30.Rxe6 d4 31.exd4 Rxd4 32.f3 a5 33.Re4 Rd5 34.a4 axb4 35.Rxb4 Ra5 36.Kg4 Kh6
37.Rb6+ g6 38.Rb4 Rf5 39.Kg3 Ra5 40.Kg4 Rf5 41.Kg3 Ra5 42.Kf2 b6 43.h4 gxh4
44.Rxh4+ Rh5 45.Rb4 Rh2+ 46.Ke3 Ra2 47.Ke4 Kg5 48.f4+ Kg4 49.Kd5 Rf2 50.Rxb6 Kxf4
51.Rxg6 Kf5 52.Ra6 Rh2 53.Kc5 Rh1 54.Rb6 Ra1 55.Kb5 Ke5 56.a5 Kd5 57.Rh6 Rb1+
58.Ka6 Ra1 59.Kb6 Rb1+ 60.Kc7 Rc1+ 61.Kb7 Rb1+ 62.Kc7 Rc1+ 63.Kd7 Kc5 64.Rc6+  1-0

[Event "Stork YM"]
[Site "Hengelo NED"]
[Date "2005.08.09"]
[Round "3"]
[White "Motoc,A"]
[Black "Sharevich,A"]
[Result "1-0"]
[WhiteElo "2270"]
[BlackElo "2325"]

1.d4 d5 2.c4 e6 3.Nf3 Nf6 4.Nc3 Be7 5.Bf4 O-O 6.e3 c5 7.dxc5 Bxc5 8.a3 Nc6
9.cxd5 Nxd5 10.Nxd5 exd5 11.Bd3 Bb6 12.O-O d4 13.e4 Bg4 14.h3 Bh5 15.g4 Bg6
16.Rc1 Rc8 17.b4 a6 18.Re1 Re8 19.e5 Ne7 20.Bc4 Nd5 21.Bg5 Qd7 22.Nxd4 h6
23.Nf3 Rxc4 24.Rxc4 hxg5 25.Nxg5 Qb5 26.Qb3 Nc7 27.a4 Qd5 28.a5 Ba7 29.Qc3 Nb5
30.Rc8 Qd7 31.Rxe8+ Qxe8 32.Qc4 Nd4 33.h4 Qd7 34.e6 fxe6 35.h5 Bc2 36.Qc3 Qc6
37.Qg3 Qd5 38.Re5 Ne2+ 39.Rxe2 Qd1+ 40.Kg2 Qxe2 41.Qf4 Bf5 42.Qg3 e5 43.gxf5 Qxh5
44.Ne6 g6 45.Qxg6+ Qxg6+ 46.fxg6 Bb8 47.Kf3 Bd6 48.Nc5 Kg7 49.Ke4 Kxg6 50.Kd5 Bxc5
51.Kxc5 Kf5  1-0

[Event "92nd ch-GBR"]
[Site "Douglas IOM"]
[Date "2005.08.10"]
[Round "9"]
[White "Williams,Si"]
[Black "Eggleston,D"]
[Result "1-0"]
[WhiteElo "2461"]
[BlackElo "2138"]

1.Nf3 d5 2.d4 e6 3.c4 Nf6 4.Nc3 Be7 5.Bf4 O-O 6.e3 Nbd7 7.a3 c5 8.cxd5 Nxd5
9.Nxd5 exd5 10.dxc5 Nxc5 11.Be2 Be6 12.Be5 a5 13.O-O Ne4 14.Nd4 Bd6 15.Bxd6 Nxd6
16.Qb3 Qe7 17.Rfd1 Rfc8 18.Rac1 Ne4 19.Bd3 Nf6 20.Qb5 Qd7 21.Qb6 Qd8 22.Qxb7 Rcb8
23.Qc6 Rxb2 24.Nxe6 fxe6 25.Qxe6+ Kh8 26.h3 Qf8 27.Qf5 Re8 28.Rc6 Ne4 29.Bxe4 dxe4
30.Rc5 a4 31.Re5 h6 32.Rxe8 Qxe8 33.Rc1 Rb8 34.Rc4 Qe7 35.Rxa4 Re8 36.Rb4 Qd6
37.Rxe4 Rf8 38.Qb5 Qxa3 39.Re8 Qa1+ 40.Kh2 Qf6 41.f4 Kh7 42.Qd3+ Kh8 43.Rxf8+ Qxf8
44.Qd4 Kh7 45.Qe5 Qd8 46.f5 Qh4 47.Qf4 Qe1 48.e4 h5 49.h4 Kg8 50.e5 Kf7 51.e6+ Kg8
52.Qg3 Qa1 53.Qe3 Kf8 54.Qc5+ Kg8 55.Qd5 Qe1 56.Qd8+ Kh7 57.Qg5 Qe5+ 58.Kh3 Qc3+
59.Qg3 Qf6 60.Qf3 Kg8 61.Qxh5 Qc3+ 62.Qf3 Qf6 63.Qa8+ Kh7 64.Qe4 Qc3+ 65.Kg4 Qd2
66.e7 Qd1+ 67.Kg3 Qb3+ 68.Kh2 Qb8+ 69.Kh3 Qb3+ 70.g3 Qd1 71.e8=Q Qf1+ 72.Kh2 Qf2+
73.Qg2  1-0

[Event "Proclient Cup GMB"]
[Site "Olomouc CZE"]
[Date "2005.08.11"]
[Round "11"]
[White "Bromberger,S"]
[Black "Voloshin,L"]
[Result "0-1"]
[WhiteElo "2491"]
[BlackElo "2477"]

1.d4 d5 2.c4 e6 3.Nc3 Nf6 4.Nf3 Be7 5.Bf4 O-O 6.e3 c6 7.Qc2 Nbd7 8.Bd3 dxc4
9.Bxc4 Nb6 10.Bb3 Nbd5 11.Rd1 Nxf4 12.exf4 Nd5 13.g3 b6 14.O-O Bb7 15.Ne5 g6
16.h4 Rc8 17.h5 Kg7 18.Rfe1 Rc7 19.a3 Bd6 20.Ba2 Bxe5 21.dxe5 Rd7 22.Ne4 c5
23.Qe2 Ne7 24.Nd6 Ba8 25.Qg4 Nf5 26.Nxf5+ exf5 27.h6+ Kxh6 28.Qg5+ Kg7 29.Qf6+ Kh6
30.Qg5+ Kg7 31.Qf6+ Kh6 32.Qxd8 Rfxd8 33.Bb3 Rxd1 34.Rxd1 Rxd1+ 35.Bxd1 Bd5
36.Kf1 Kg7 37.Ke2 Kf8 38.b4 Ke7 39.bxc5 bxc5 40.Kd3 Ke6 41.Ba4 f6 42.exf6 Kxf6
43.Bd1 Ke6 44.Kc3 Kd6 45.Be2 Kc6 46.Bd1 Kb5 47.Bc2 Bf3 48.Bb3 h6 49.Bf7 g5
50.fxg5 hxg5 51.Be6 f4 52.gxf4 gxf4 53.Bb3 Kc6 54.Ba4+ Kd6 55.Bc2 Bd5 56.Bg6 Ke5
57.Bd3 Be6 58.Ba6 Ke4 59.Be2 Kf5 60.Bd1 Bd5 61.Kd3 Kg5 62.Ba4 Kg4 63.Bd1+  0-1

[Event "Masters"]
[Site "Abu Dhabi UAE"]
[Date "2005.08.14"]
[Round "1"]
[White "Dobrov,V"]
[Black "Al Tamimi,H"]
[Result "1-0"]
[WhiteElo "2535"]
[BlackElo "2244"]

1.d4 d5 2.c4 e6 3.Nc3 Be7 4.Nf3 Nf6 5.Bf4 O-O 6.e3 Nbd7 7.a3 dxc4 8.Bxc4 c5
9.dxc5 Nxc5 10.Qe2 Nce4 11.Nxe4 Nxe4 12.O-O Bd6 13.Bd3 Bxf4 14.Bxe4 Bc7 15.Rac1 Bb6
16.Rc4 Qe7 17.Rd1 e5 18.Qc2 g6 19.Bd5 Bf5 20.Qc3 Rfe8 21.g4 Bc8 22.a4 a5
23.Qb3 Bc7 24.Bxf7+  1-0

[Event "Grundfos Young Masters"]
[Site "Aarhus DEN"]
[Date "2005.08.15"]
[Round "3"]
[White "Miton,K"]
[Black "Glud,J"]
[Result "1-0"]
[WhiteElo "2589"]
[BlackElo "2313"]

1.d4 d5 2.c4 e6 3.Nc3 Be7 4.Nf3 Nf6 5.Bf4 O-O 6.e3 c5 7.dxc5 Bxc5 8.a3 Nc6
9.Qc2 Qa5 10.Rd1 Be7 11.Nd2 e5 12.Bg5 d4 13.Nb3 Qd8 14.Be2 a5 15.Na4 h6 16.Bxf6 Bxf6
17.O-O Qc7 18.c5 Be6 19.Bc4 Bxc4 20.Qxc4 dxe3 21.Nb6 a4 22.Nd5 Qd8 23.fxe3 Bg5
24.Nf6+ gxf6 25.Rxd8 Rfxd8 26.Na1 Bxe3+ 27.Kh1 Rd4 28.Qe2 Bg5 29.Nc2 Rd2
30.Qe4 Rad8 31.g3 Nd4 32.Nxd4 R8xd4 33.Qxb7 Rc2 34.h4 Bxh4 35.Qc8+ Kg7 36.gxh4 Rxh4+
37.Kg1 h5 38.Rf2 Rc1+ 39.Rf1 Rc2 40.Rf3 Rg4+ 41.Kf1 e4 42.Rc3 Rxb2 43.c6 Rf4+
44.Ke1 e3 45.Qh3 Re4 46.c7 Rb1+ 47.Ke2 Rb2+ 48.Kd3 e2 49.Qg2+  1-0

[Event "Ada Open"]
[Site "Belgrade SCG"]
[Date "2005.08.18"]
[Round "4"]
[White "Damjanovic,D"]
[Black "Lukic,I"]
[Result "1-0"]
[WhiteElo "2278"]
[BlackElo "2088"]

1.d4 Nf6 2.c4 e6 3.Nc3 d5 4.Nf3 Be7 5.Bf4 O-O 6.e3 a6 7.c5 Nc6 8.Rb1 Ne4
9.Qc2 f5 10.h4 Bf6 11.b4 h6 12.h5 b6 13.cxb6 cxb6 14.Nxe4 fxe4 15.Qxc6 Bd7
16.Qc7 exf3 17.gxf3 Rc8 18.Qxd8 Rfxd8 19.Kd2 Bb5 20.Bxb5 axb5 21.Rhc1 Rc4
22.Rxc4 bxc4 23.a4 Ra8 24.Ra1 Bd8 25.Kc3 Kf7 26.Bd6 Ra7 27.Bb8 Ra8 28.Bg3 Ra7
29.Bf4 Kf8 30.Bb8 Ra8 31.Bg3 Kf7 32.f4 g6 33.hxg6+ Kxg6 34.e4 b5 35.a5 dxe4
36.a6 Kf5 37.Rh1 Rxa6 38.Rh5+ Kg4 39.Rxb5 e3 40.Re5 Ra3+ 41.Kxc4 h5 42.Rxe6 h4
43.Bxh4 Bxh4 44.fxe3 Bf2 45.e4 Ra1 46.f5  1-0

[Event "Masters"]
[Site "Abu Dhabi UAE"]
[Date "2005.08.19"]
[Round "5"]
[White "Mamedyarov,S"]
[Black "Moradiabadi,E"]
[Result "1-0"]
[WhiteElo "2646"]
[BlackElo "2485"]

1.d4 d5 2.c4 e6 3.Nc3 Be7 4.Nf3 Nf6 5.Bf4 O-O 6.e3 c5 7.dxc5 Bxc5 8.Qc2 Nc6
9.a3 Qa5 10.Rd1 Be7 11.Be2 dxc4 12.Bxc4 e5 13.Bg3 Bg4 14.O-O Rac8 15.Nd5 b5
16.Ba2 Nxd5 17.Bxd5 Nd4 18.Qb1 b4 19.Qe4 Bxf3 20.gxf3 Ne2+ 21.Kg2 Nxg3 22.hxg3 bxa3
23.Rh1 g6 24.Rxh7 Kxh7 25.Qxe5 Kg8 26.Rh1  1-0

[Event "ch-AUT Qualifier"]
[Site "Gmunden AUT"]
[Date "2005.08.19"]
[Round "7"]
[White "Zoebisch,H"]
[Black "Mittendorfer,J"]
[Result "1/2-1/2"]
[WhiteElo "2213"]
[BlackElo "2104"]

1.d4 Nf6 2.c4 e6 3.Nc3 d5 4.Nf3 Be7 5.Bf4 a6 6.e3 O-O 7.Qc2 Nbd7 8.a3 dxc4
9.Bxc4 c5 10.dxc5 Bxc5 11.b4 Be7 12.Rd1 b5 13.Bd3 Bb7 14.O-O Rc8 15.Qb3 Nd5
16.Nxd5 Bxd5 17.Qb1 h6 18.e4 Bc6 19.Rfe1 Qb6 20.Be3 Qb8 21.Nd4 Bb7 22.f4 Bd6
23.e5 Bc7 24.Bh7+ Kh8 25.Nxe6 fxe6 26.Rxd7 Bc6 27.Rd2 Qb7 28.Bg6 Bd5 29.Rf2 Bb6
30.Bxb6 Qxb6 31.g3 Rc3 32.Be4 Bxe4 33.Qxe4 Rd8 34.Kg2 Rd4 35.Qa8+ Rd8  1/2-1/2

[Event "Ada Open"]
[Site "Belgrade SCG"]
[Date "2005.08.20"]
[Round "6"]
[White "Pavlovic,Mi2"]
[Black "Abramovic,B"]
[Result "0-1"]
[WhiteElo "2432"]
[BlackElo "2489"]

1.d4 d5 2.c4 e6 3.Nc3 Be7 4.Nf3 Nf6 5.Bf4 O-O 6.e3 c5 7.dxc5 Bxc5 8.cxd5 Nxd5
9.Nxd5 exd5 10.a3 Nc6 11.Bd3 Be7 12.O-O Be6 13.b4 Bf6 14.Rb1 a6 15.a4 Qe7
16.b5 axb5 17.Rxb5 g6 18.Qb1 Ra7 19.Rc1 Rd8 20.Nd2 Ne5 21.Bf1 h5 22.Qb4 Qxb4
23.Rxb4 Nc6 24.Rb5 g5 25.Bc7 Rd7 26.Bb6 Rxa4 27.Nb3 Ra2 28.Nc5 Re7 29.Nxe6 fxe6
30.Bc5 Rd7 31.Rcb1 Ra5 32.Bb6 Ra2 33.Bc5 Na5 34.Rb6 Kf7 35.Bd6 Bd8 36.Bb5 Bxb6
37.Bxd7 Nc4 38.Bb4 Ba5 39.Bxa5 Rxa5 40.g3 b6 41.h4 gxh4 42.gxh4 Ke7 43.Bc6 Ra2
44.Rb4 Kd6 45.Be8 Ra8 46.Bxh5 Rh8 47.Bd1 Rxh4 48.Ra4 Rh8 49.Ra6 Kc5 50.Kf1 e5
51.Ke2 b5 52.Ra7 Rd8 53.Bc2 Kb4 54.Bf5 d4 55.exd4 Rxd4 56.Be6 Rd2+ 57.Ke1 Rd6
58.Bf7 Kc3 59.Rc7 Rd4 60.Rc5 b4 61.Bxc4 Rxc4 62.Rxe5 b3 63.Re3+ Kc2 64.Re2+ Kc1  0-1

[Event "2nd Dato' Arthur Tan Malaysian Open"]
[Site "Kuala Lumpur MAS"]
[Date "2005.08.20"]
[Round "2"]
[White "Jones,L"]
[Black "Wang Xinyue"]
[Result "1-0"]
[WhiteElo "2189"]
[BlackElo "1978"]

1.d4 d5 2.c4 e6 3.Nf3 Nf6 4.Nc3 Be7 5.Bf4 c5 6.dxc5 Bxc5 7.e3 Nc6 8.a3 O-O
9.Qc2 d4 10.Rd1 Qb6 11.exd4 Nxd4 12.Nxd4 Bxd4 13.Na4 Qa5+ 14.b4 Bxf2+ 15.Kxf2 Ng4+
16.Ke1 Qh5 17.Be2 e5 18.Bc1 f5 19.Bxg4 Qxg4 20.Qe2 f4 21.Qxg4 Bxg4 22.Rd6 Rad8
23.Rxd8 Rxd8 24.Kf2 g5 25.Re1 Re8 26.Nc5 h6 27.Ne4 Re6 28.Bb2 Kf7 29.c5 b6
30.Nd6+ Kf6 31.Nc4  1-0

[Event "2nd Dato' Arthur Tan Malaysian Open"]
[Site "Kuala Lumpur MAS"]
[Date "2005.08.21"]
[Round "4"]
[White "Yang Ning"]
[Black "Wang Xinyue"]
[Result "1/2-1/2"]
[WhiteElo "2164"]
[BlackElo "1978"]

1.d4 d5 2.c4 e6 3.Nc3 Nf6 4.Nf3 Be7 5.Bf4 c5 6.dxc5 Bxc5 7.e3 O-O 8.Qc2 Qa5
9.O-O-O Bb4 10.Nb5 Na6 11.a3 dxc4 12.Bxc4 Bd7 13.Rxd7 Nxd7 14.Ng5 g6 15.Kb1 Be7
16.Nxe6 Rfc8 17.Nec7 Nb6 18.Bxf7+ Kxf7 19.Qb3+ Kg7 20.Be5+ Kf8 21.Ne6+ Ke8
22.Ng7+ Kf8 23.Ne6+ Kg8 24.Nec7+ Kf8 25.Ne6+  1/2-1/2